Normal view
MARC view
- SURINA, TUGOMIR,HERRICK, CLYDE N
Entry Personal Name
001 - CONTROL NUMBER
- control field: 57526
003 - CONTROL NUMBER IDENTIFIER
- control field: NUST
005 - DATE AND TIME OF LATEST TRANSACTION
- control field: 20210628201937.0
008 - FIXED-LENGTH DATA ELEMENTS
- fixed length control field: 210628|| aca||aabn | a|a d
040 ## - CATALOGING SOURCE
- Original cataloging agency: NUST
- Transcribing agency: NUST
100 ## - HEADING--PERSONAL NAME
- Personal name: SURINA, TUGOMIR,HERRICK, CLYDE N
670 ## - SOURCE DATA FOUND
- Source citation: Work cat.: (NUST): SURINA, TUGOMIR,HERRICK, CLYDE N, EXPERIMENTS FOR SEMICONDUCTOR ELECTRONICS, 1964
